00884nam a22002417a 450000500170000001000130001702000220003003500130005203700160006504000120008108200150009310000320010824500830014026000430022327000480026630000300031450000540034465000400039865000170043894200240045599900190047995201440049820170124105936.0 aA-716333 c00.00a8121204925 aA-716333 bCen Lib/Ret aDPLbEN a363.2bMAT aMathur, Krishna Mohan99928 aManagemant of internal security : cKrishna Mohan Mathurband related issues / aNew DelhibGyan Publishing Housec1995 a5 Ansari Road, DaryaganjbNew Delhie110002 ax,275p. :c21cm(Hb)bill. aIncludes bibliographical references and indexes.  aInternal security--Management99929 aIndia 99930 2ddccENh363.2mMAT c124242d124242 04104070aLbLd2015-06-15eCen Lib/Retg0.00l0o363.2 MATpA-716333r2015-06-15 00:00:00t1v0.00w2015-06-15yENzW/d List No.-3301/16